Score 0/15 Timer 04:00
1 Play Today
% Correct
Pioneer
89%
Simultaneously
86.2%
Testament
84%
Serendipity
84%
Practitioner
81.3%
Arachnid
78.9%
Extravagant
77.6%
Centennial
76.1%
% Correct
Fallacy
75%
Brazen
73.4%
Trapeze
73.3%
Borough
72.7%
Corroborate
64.1%
Salacious
62.6%
Idiosyncrasy
46.4%
Remove Ads.
Support Sporcle.
Get the best of Sporcle when you Go Orange. This ad-free experience offers more features, more stats, and more fun while also helping to support Sporcle. Thank you for becoming a member.

You're not logged in!

Compare scores with friends on all Sporcle quizzes.
OR
Log In

Show Comments

Extras

Top Quizzes Today


Score Distribution

Your Account Isn't Verified!

In order to create a playlist on Sporcle, you need to verify the email address you used during registration. Go to your Sporcle Settings to finish the process.

Report this User

Report this user for behavior that violates our Community Guidelines.

Details: